书目信息 |
| 题名: |
地下水脆弱性评价导则研究
|
|
| 作者: | 唐蕴 , 唐克旺 , 高爽 著 | |
| 分册: | ||
| 出版信息: | 北京 中国水利水电出版社 2017 |
|
| 页数: | 143页 | |
| 开本: | 26cm | |
| 丛书名: | ||
| 单 册: | ||
| 中图分类: | P641.8 | |
| 科图分类: | ||
| 主题词: | 地下水保护--di xia shui bao hu--研究 | |
| 电子资源: | ||
| ISBN: | 978-7-5170-6097-0 | |
| 000 | 01027nam0 2200277 450 | |
| 001 | 012001003534 | |
| 005 | 20140102110412.0 | |
| 010 | @a978-7-5170-6097-0@dCNY48.00 | |
| 099 | @aCAL 012018127302 | |
| 100 | @a20180905d2017 em y0chiy50 ea | |
| 101 | 0 | @achi |
| 102 | @aCN@b110000 | |
| 105 | @aabk a 000yy | |
| 106 | @ar | |
| 200 | 1 | @a地下水脆弱性评价导则研究@Adi xia shui cui ruo xing ping jia dao ze yan jiu@f唐蕴, 唐克旺, 高爽著 |
| 210 | @a北京@c中国水利水电出版社@d2017 | |
| 215 | @a143页@c图, 地图@d26cm | |
| 320 | @a有书目 (第139-143页) | |
| 330 | @a本书介绍了国内外地下水脆弱性评价相关研究成果, 对分区评价模型、评价指标、评价指标、适用范围、存在问题等方面进行了评述和分区案例分析, 提出了水量脆弱性与水质防污性综合考虑的地下水脆弱性评价导则草案。 | |
| 606 | 0 | @a地下水保护@Adi xia shui bao hu@x研究 |
| 690 | @aP641.8@v5 | |
| 701 | 0 | @a唐蕴@Atang yun@4著 |
| 701 | 0 | @a唐克旺@Atang ke wang@4著 |
| 701 | 0 | @a高爽@Agao shuang@4著 |
| 801 | 0 | @aCN@b北京卓展@c20191020 |
| 905 | @b1212009-12@dP641.8@e123@f4 | |
| 地下水脆弱性评价导则研究/唐蕴, 唐克旺, 高爽著.-北京:中国水利水电出版社,2017 |
| 143页:图, 地图;26cm |
| ISBN 978-7-5170-6097-0:CNY48.00 |
| 本书介绍了国内外地下水脆弱性评价相关研究成果, 对分区评价模型、评价指标、评价指标、适用范围、存在问题等方面进行了评述和分区案例分析, 提出了水量脆弱性与水质防污性综合考虑的地下水脆弱性评价导则草案。 |
| ● |
| 相关链接 |
|
|
|
|
正题名:地下水脆弱性评价导则研究
索取号:P641.8/123
 
预约/预借
| 序号 | 登录号 | 条形码 | 馆藏地/架位号 | 状态 | 备注 |
| 1 | 1212009 | 212120097 | 第二样本阅览室/ [索取号:P641.8/123] | 在馆 | |
| 2 | 1212010 | 212120104 | 第三借阅区/ [索取号:P641.8/123] | 在馆 | |
| 3 | 1212011 | 212120113 | 第三借阅区/ [索取号:P641.8/123] | 在馆 | |
| 4 | 1212012 | 212120122 | 第三借阅区/ [索取号:P641.8/123] | 在馆 |